Дело о назначении медика для французской труппы за отсутствием лейб-медика Рейнгольда на время холеры

RUSMARC
00004367cbc2a2200000#x 450
001c08fe112-c2dd-41ca-b7ff-ccc06fe9b577
00520201012144027.0
100##$a20170328l18311831k l0rusy0189 ca
1010#$arus
102##$aRU
2001#$aДело о назначении медика для французской труппы за отсутствием лейб-медика Рейнгольда на время холеры
$j30 июня - 3 июля 1831 г.
251##$cДело
300##$aРукописный текст. Чернила
300##$aОригинальный заголовок дела: Дело с испрашиванием назначения медика для французской труппы по откомандировании господина Рейнгольда. 30 июня - 3 июля 1831 г.
801#0$aRU
$bРГИА
$c20170328
801#1$aRU
$bГлавНИВЦ
$c20170328
$2rusmarc
801#2$aRU
$bПБ им. Б.Н. Ельцина
$c20181210
$gRCR
$2rusmarc
850##$aФедеральное казенное учреждение "Российский государственный исторический архив" (РГИА)
852##$aРГИА
$j5530
937##$hРГИА
$d12241676
$aASBIBLIO_SCAN
462#0$1001dd3991dc-24e1-42ec-8838-ca4255420416
$12001
$a1746-1850 гг.
$vД. 5530
$1251
$cОпись
$1852
$j1
461#0$10019264ebf8-de62-4f1a-9eb4-9f22098dbbd5
$12001
$aДирекция императорских театров МИДв
$1251
$cФонд
$1852
$j497
215##$a4 листа
$d36,5х26 см
371##$aДокумент не является опубликованным и широко распространяемым
105##$ay###
1222#$ad18310630##
$ad18310703##
5171#$aДело с испрашиванием назначения медика для французской труппы по откомандировании господина Рейнгольда
$e30 июня - 3 июля 1831 г.
035##$ac08fe112-c2dd-41ca-b7ff-ccc06fe9b577
856##$uhttp://readingroom.main.prlib.ru/item.aspx?id_node=n121478431&mode=full
605##$2acquisition_Prlib
$3LIBNET\UAF\0000089563
$aПредупреждение и борьба с эпидемиями в России
$lколлекция
Формат отображения